书目信息 |
| 题名: |
庄氏史案本末
|
|
| 作者: | 节庵 辑 | |
| 分册: | ||
| 出版信息: | 上海 上海古籍书店 1983 |
|
| 页数: | 不计页数 | |
| 开本: | 19cm | |
| 丛书名: | 清代历史资料丛刊 | |
| 单 册: | ||
| 中图分类: | K249.205 | |
| 科图分类: | ||
| 主题词: | 庄廷栊《明史》狱 | |
| 电子资源: | ||
| ISBN: | ||
| 000 | 00661nam2 2200253 45 | |
| 001 | 0183003498 | |
| 005 | 20060726083614.20 | |
| 010 | @dCNY0.38 | |
| 100 | @a19950117d1983 em y0chiy0121 ea | |
| 101 | 0 | @achi |
| 102 | @aCN@b310000 | |
| 105 | @ay z 000yy | |
| 200 | 10 | @a庄氏史案本末@Azhuang shi shi an ben mo@f(清)节庵辑 |
| 205 | @b影印本 | |
| 210 | @a上海@c上海古籍书店@d1983 | |
| 215 | @a不计页数@d19cm | |
| 225 | 2 | @a清代历史资料丛刊 |
| 410 | 0 | @120010@a清代历史资料丛刊 |
| 606 | @a庄廷栊《明史》狱 | |
| 690 | @aK249.205@v3 | |
| 701 | 0 | @a节庵@Ajie an@f清@4辑 |
| 801 | 2 | @aCN@bNLC@c20060726 |
| 801 | 0 | @aCN@bTSSF |
| 905 | @a10447@dK249.205@e77 | |
| 庄氏史案本末/(清)节庵辑.-影印本.-上海:上海古籍书店,1983 |
| 不计页数;19cm.-(清代历史资料丛刊) |
| ISBN :CNY0.38 |
| ● |
| 相关链接 |
|
|
|
|
正题名:庄氏史案本末
索取号:K249.205/77
 
预约/预借
| 序号 | 登录号 | 条形码 | 馆藏地/架位号 | 状态 | 备注 |
| 1 | 0436316 | 204363161 | 密集书库/ [索取号:K249.205/77] | 在馆 |